000 00764nam a22002055i 4500
001 68522
003 ES-MaACL
005 20250905131116.0
007 t|
008 940202s1858 sp ||||1| spa d
040 _aAS
_bspa
100 1 _aGarnier, Adolphe.
_955604
245 1 3 _aLa moral social o Deberes del Estado y de los ciudadanos en todo cuanto tiene relación con la propiedad la familia, la educación... /
_cpor Adolfo Garnier ; traducida por Manuel Angelon.
260 _aMadrid :
_bLibrería Española ;
_aBarcelona :
_ben el Plus Ultra,
_c1858 (
_eBarcelona :
_fImp. de Luis Taso)
300 _a349 p. ;
_c21 cm.
700 1 _aAngelón, Manuel,
_d1831-1889
_921725
852 _aES-MaACL
_jD-1207
999 _c68522
_d68522